Law of municipal corporations / (Record no. 126328)
[ view plain ]
| 000 -LEADER | |
|---|---|
| fixed length control field | 00674nam a22002297a 4500 |
| 005 - DATE AND TIME OF LATEST TRANSACTION | |
| control field | 20170124110008.0 |
| 010 ## - LIBRARY OF CONGRESS CONTROL NUMBER | |
| LC control number | 551702 |
| 020 ## - INTERNATIONAL STANDARD BOOK NUMBER | |
| Terms of availability | 25.00 |
| 035 ## - SYSTEM CONTROL NUMBER | |
| System control number | 551702 |
| 037 ## - SOURCE OF ACQUISITION | |
| Source of stock number/acquisition | Cen Lib/Ret |
| 040 ## - CATALOGING SOURCE | |
| Original cataloging agency | DPL |
| Language of cataloging | EN |
| 082 ## - DEWEY DECIMAL CLASSIFICATION NUMBER | |
| Classification number | 352.026 |
| Item number | AGA |
| 100 ## - MAIN ENTRY--PERSONAL NAME | |
| Personal name | Agarwal, R.D. |
| 9 (RLIN) | 17245 |
| 245 ## - TITLE STATEMENT | |
| Title | Law of municipal corporations / |
| Statement of responsibility, etc | by R.D. Agarawal |
| 260 ## - PUBLICATION, DISTRIBUTION, ETC. (IMPRINT) | |
| Name of publisher, distributor, etc | Law Book Com. |
| Place of publication, distribution, etc | Allahabad |
| Date of publication, distribution, etc | 1969 |
| 270 ## - ADDRESS | |
| City | Allahabad |
| Address | sadar patel margh |
| 300 ## - PHYSICAL DESCRIPTION | |
| Extent | liv, 622p. |
| Dimensions | 23cm(Hb) |
| 500 ## - GENERAL NOTE | |
| General note | Includes bibliographical references and index |
| 650 ## - SUBJECT ADDED ENTRY--TOPICAL TERM | |
| Topical term or geographic name as entry element | Municipal Law |
| 9 (RLIN) | 73364 |
| 650 ## - SUBJECT ADDED ENTRY--TOPICAL TERM | |
| Topical term or geographic name as entry element | Municipal coporation |
| 9 (RLIN) | 17246 |
| 942 ## - ADDED ENTRY ELEMENTS (KOHA) | |
| Source of classification or shelving scheme | Dewey Decimal Classification |
| Koha item type | English Books |
| Classification part | 352.026 |
| Call number suffix | AGA |
| Withdrawn status | Lost status | Damaged status | Not for loan | Home library | Current library | Date acquired | Source of acquisition | Cost, normal purchase price | Total Checkouts | Full call number | Barcode | Date last seen | Copy number | Cost, replacement price | Price effective from | Koha item type | Public note |
|---|---|---|---|---|---|---|---|---|---|---|---|---|---|---|---|---|---|
| Written off | Central Library | Central Library | 25/06/2015 | Cen Lib/Ret | 25.00 | 352.026 AGA | 551702 | 25/06/2015 | 1 | 25.00 | 25/06/2015 | English Books | W/d List No. 6892/8 ; dtd 26/09/2020 |
